| 000 | 00000nam##2200000za#4500 |
| 001 | 9.640473 |
| 003 | CaOODSP |
| 005 | 20210624222703 |
| 007 | cr ||||||||||| |
| 008 | 150407|1997||||xxc|||||o f|0| 0 fre|d |
| 040 | |aCaOODSP|bfre |
| 043 | |an-cn--- |
| 086 | 1 |aH39-228/1997F-PDF |
| 110 | 1 |aCanada. |bSanté Canada. |
| 245 | 10|aAllaitement maternel : |h[ressource électronique]|bbibliographie choisie et recueil de documentation / |c[par Susan Hodges]. |
| 260 | |aOttawa - Ontario : |bSanté Canada |cc1997. |
| 300 | |a65p. |
| 500 | |a«Bienvenu au bébé allaité, n'importe où, n'importe quand»--p.1 de 65. Le n° de catalogue (H39-228/1997F) et l'ISBN (0-662-82130-0) de l'édition imprimée ont été incorrectement copiés dans l'édition électronique. |
| 590 | |a12-30-Supp|b2012-06-28 |
| 691 | 07|aAlimentation du nouveau-né|2gcpds |
| 691 | 07|aBibliographie|2gcpds |
| 720 | 1 |aHodges, Susan |
| 775 | 08|tBreastfeeding : |w(CaOODSP)9.696356 |
| 776 | 0#|tAllaitement maternel: bibliographie choisie et recueil de documentation / |w(CaOODSP)9.680143 |
| 856 | 40|ahttp://publications.gc.ca|qPDF|s261 Ko|uhttps://publications.gc.ca/collections/Collection/H39-228-1997F.pdf |